| 000 | 00965nam0a22002771 4500 | ||
|---|---|---|---|
| 001 | rc\763922 | ||
| 005 | 20190628151042.0 | ||
| 035 | _a(NLR Aleph) 006291286 | ||
| 090 |
_a7152548 _c7152548 |
||
| 100 | _a20040301d1985 u |0rusy50 ca | ||
| 101 | 0 | _arus | |
| 102 | _aRU | ||
| 105 | _ay ||||||||| | ||
| 200 | 1 | _aВнешнеэкономическая политика "открытых дверей " Китайской Народной Республики | |
| 210 |
_aМ. _cНаука _d1985 |
||
| 215 |
_a214 с. _d22 |
||
| 225 | 1 |
_aИнформационный бюллетень _fАН СССР, Ин-т Дал. Востока _v№ 130 |
|
| 300 | _aАвт. указан на 3 с. | ||
| 320 | _aБиблиогр. в подстроч. примеч. | ||
| 700 | 1 |
_aРазов _bС. С. _gСергей Сергеевич |
|
| 801 | 0 |
_aRU _bNLR _gpsbo |
|
| 801 | 1 |
_aRU _bELAR _2rusmarc |
|
| 852 |
_aNLR _jП22/2547 |
||
| 942 | _cBOOK | ||
| 980 | _aNB | ||